[Event "Moscow Open RSSU Cup 2020"]
[Site "Moscow"]
[Date "2020.01.25"]
[Round "1.1"]
[White "Grachev, Boris"]
[Black "Odegov, Artem"]
[Result "1-0"]
[WhiteElo "2614"]
[BlackElo "2239"]
[Annotator "RC"]
[PlyCount "45"]
[EventDate "2020.01.25"]
[EventType "swiss"]
[EventCountry "RUS"]
[SourceTitle "playchess.com"]
[Source "ChessBase"]
[SourceQuality "1"]
[TimeControl "40/5400+30:1800+30"]

1. Nf3 {[%emt 0:01:38]} Nf6 {[%emt 0:00:22]} 2. c4 {[%emt 0:00:20]} e6 {[%emt 0:00:12]} 3. Nc3 {[%emt 0:00:50]} d5 {[%emt 0:00:11]} 4. d4 {[%emt 0:01:58]} c5 {[%emt 0:01:41]} 5. cxd5 {[%emt 0:00:30]} cxd4 {[%emt 0:00:08]} 6. Qxd4 {[%emt 0:00:49]} exd5 {[%emt 0:00:06]} 7. e4 {[%emt 0:00:05]} Nc6 {[%emt 0:00:11]} 8. Bb5 {[%emt 0:00:07]} dxe4 {[%emt 0:00:18]} 9. Qxd8+ {[%emt 0:00:24]} Kxd8 {[%emt 0:00:06]} 10. Ng5 {[%emt 0:00:50]} Ke7 {[%emt 0:02:25]} 11. Be3 {[%emt 0:04:39]} Bf5 {[%emt 0:13:58]} 12. O-O-O {[%emt 0:06:30]} h6 {[%emt 0:12:59]} 13. Ngxe4 {[%emt 0:04:08]} Bxe4 {[%emt 0:05:19]} 14. Rhe1 {[%emt 0:00:20]} Ke6 {[%emt 0:21:51]} 15. Bd2 {[%emt 0:10:41]} Bb4 {[%emt 0:13:06]} 16. Nxe4 {[%emt 0:02:45]} Bxd2+ {[%emt 0:00:05]} 17. Nxd2+ {[%emt 0:06:00]} Kf5 {[%emt 0:00:57]} 18. Bd3+ {[%emt 0:05:31]} Kg5 {[%emt 0:05:40]} 19. Nf3+ {[%emt 0:00:40]} Kf4 {[%emt 0:00:08]} 20. Re3 {[%emt 0:00:52]} Rhe8 {[%emt 0:08:32]} 21. g3+ {[%emt 0:00:13]} Kg4 {[%emt 0:00:04]} 22. h3+ {[%emt 0:00:02]} Kh5 {[%emt 0:00:17]} 23. Bf5 {[%emt 0:00:22]} 1-0

[Event "Moscow Open RSSU Cup 2020"]
[Site "Moscow"]
[Date "2020.01.25"]
[Round "1.2"]
[White "Ter-Saakian, Grigorii"]
[Black "Pridorozhni, Aleksei"]
[Result "1-0"]
[WhiteElo "2236"]
[BlackElo "2601"]
[Annotator "TA"]
[PlyCount "97"]
[EventDate "2020.01.25"]
[EventType "swiss"]
[EventCountry "RUS"]
[SourceTitle "playchess.com"]
[Source "ChessBase"]
[SourceQuality "1"]

{[%evp 9,97,-30,0,-17,3,-29,-22,-18,-17,-21,-8,-15,-16,-8,-11,-9,-8,-9,-11,-28,0,-129,-127,-122,-41,-44,-35,-43,-34,-39,-24,-60,-60,-62,-70,-67,-87,-88,-70,-81,-46,-29,0,-217,-235,-224,-225,-293,-244,-363,-366,-344,-179,-139,-92,-156,-76,-81,492,483,893,904,849,837,1095,1075,933,899,4998,1096,1107,1103,1083,1075,1238,1120,1201,1207,1185,1136,1262,1237,1227,1197,1219,1127,1127,1127,900,853]} 1. Nc3 c5 2. f4 d5 3. Nf3 (3. e4 dxe4 4. Nxe4 Nd7 5. Nf3 Ngf6 6. d3 e6 7. g3 b6 8. Bg2 Bb7 9. O-O Be7 10. Nfg5 Qc8 11. Qf3 Nxe4 12. Nxe4 {½-½ (34) Schoonhoven,J (2567)-Kerr,S (2650) IECG email 2005}) 3... Nf6 4. e3 a6 5. b3 g6 6. Bb2 {A00: Irregular Openings} Bg7 7. Ne2 O-O 8. Ng3 {The position is equal.} Bg4 $146 ({Predecessor:} 8... Nc6 9. a3 e6 10. Be2 Bd7 11. O-O Re8 12. d4 cxd4 13. Nxd4 Rc8 {0-1 (51) Osterkamp,W-Kowalczyk,J Goch 1991}) 9. Be2 e6 10. O-O Nc6 11. Ne5 Bxe2 12. Qxe2 Rc8 13. d3 b5 14. Rad1 Qb6 15. Ng4 (15. Nxc6 $11 {keeps the balance.} Qxc6 16. c4) 15... Nxg4 $17 16. Bxg7 Kxg7 (16... Nxh2 $1 $17 17. Bxf8 Nxf1 18. Nxf1 Rxf8) 17. Qxg4 $15 f5 18. Qe2 b4 19. Qf2 Rce8 20. e4 Nd4 21. exd5 exd5 22. Rfe1 Qd6 23. Nf1 a5 24. g3 a4 25. bxa4 Ra8 26. a3 $2 (26. Nd2 $1 $11) 26... bxa3 $19 27. c3 Nc6 28. Qc2 Rfb8 29. Rb1 (29. Rd2 $142) 29... d4 30. Nd2 Kh6 (30... Qf6 $142 31. Rxb8 Rxb8) 31. Nc4 Qf6 32. Ne5 ({Only move:} 32. Nxa3 dxc3 33. Nb5) 32... Rxb1 $17 33. Qxb1 {Black must now prevent g4.} dxc3 $2 {[%mdl 8192] [#]} (33... Rb8 $17 {keeps the pressure on.} 34. Qa2 Nxe5 35. fxe5 Qa6 36. Qxa3 Qxd3 37. Qc1+ Kg7) 34. g4 $1 $18 {[%cal Rg4g5] Threatens to win with g5+.White is clearly winning.} g5 {[#]} (34... Kg7 $142) 35. h4 $1 {[%mdl 512]} Kg7 (35... gxh4 36. g5+) 36. Qb7+ Ne7 37. hxg5 Qd6 38. Qxa8 c2 39. Qh8+ {[%mdl 64] Deflection, Decoy} Kxh8 40. Nf7+ {[%mdl 64] Double Attack} Kg8 41. Nxd6 Nc6 42. Nb5 a2 43. Nc3 Nb4 44. Ra1 fxg4 45. a5 Kf7 46. f5 Kg7 47. a6 {[%mdl 64] Deflection} Nxa6 48. Nxa2 Nb4 49. Nc1 {Accuracy: White = 57%, Black = 39%.} 1-0

[Event "Moscow Open RSSU Cup 2020"]
[Site "Moscow"]
[Date "2020.01.25"]
[Round "1.3"]
[White "Petrosyan, Manuel"]
[Black "Chibukhchyan, Erik"]
[Result "1-0"]
[WhiteElo "2590"]
[BlackElo "2233"]
[Annotator "ChessBase"]
[PlyCount "111"]
[EventDate "2020.01.25"]
[EventType "swiss"]
[EventCountry "RUS"]
[SourceTitle "playchess.com"]
[Source "ChessBase"]
[SourceQuality "1"]
[TimeControl "40/5400+30:1800+30"]

1. c4 {[%emt 0:01:37]} e5 {[%emt 0:00:00]} 2. g3 {[%emt 0:00:20]} Nf6 {[%emt 0:00:00]} 3. Bg2 {[%emt 0:00:05]} d5 {[%emt 0:00:00]} 4. cxd5 {[%emt 0:00:13]} Nxd5 {[%emt 0:00:00]} 5. Nf3 {[%emt 0:00:07]} Nc6 {[%emt 0:00:00]} 6. O-O {[%emt 0:00:20]} Nb6 {[%emt 0:00:43]} 7. b3 {[%emt 0:01:28]} g6 {[%emt 0:05:23]} 8. Nc3 {[%emt 0:05:15]} Bg7 {[%emt 0:00:29]} 9. Ba3 {[%emt 0:00:40]} Ne7 {[%emt 0:02:32]} 10. Rc1 {[%emt 0:02:37]} a6 {[%emt 0:04:54]} 11. Qc2 {[%emt 0:03:43]} O-O {[%emt 0:01:52]} 12. Rfd1 {[%emt 0:00:43]} Bf5 {[%emt 0:08:02]} 13. Ne4 {[%emt 0:02:47]} Re8 {[%emt 0:07:27]} 14. d3 {[%emt 0:03:58]} Nc6 {[%emt 0:06:42]} 15. Nc5 {[%emt 0:01:08]} Bc8 {[%emt 0:00:13]} 16. e3 {[%emt 0:06:04]} Nd5 {[%emt 0:03:28]} 17. Bb2 {[%emt 0:00:41]} Ndb4 {[%emt 0:13:15]} 18. Qb1 {[%emt 0:01:16]} a5 {[%emt 0:00:04]} 19. d4 {[%emt 0:09:37]} exd4 {[%emt 0:01:35]} 20. Nxd4 {[%emt 0:01:03]} Qe7 {[%emt 0:04:13]} 21. Nxc6 {[%emt 0:04:27]} Nxc6 {[%emt 0:00:19]} 22. Bxg7 {[%emt 0:01:26]} Kxg7 {[%emt 0:00:04]} 23. Qb2+ {[%emt 0:02:48]} f6 {[%emt 0:02:20]} 24. Nxb7 {[%emt 0:02:08]} Ne5 {[%emt 0:00:40]} 25. h3 {[%emt 0:11:22]} Bxb7 {[%emt 0:05:24]} 26. Bxb7 {[%emt 0:03:38]} Rab8 {[%emt 0:00:01]} 27. Bg2 {[%emt 0:01:01]} a4 {[%emt 0:00:01]} 28. Qc3 {[%emt 0:00:16]} axb3 {[%emt 0:00:06]} 29. axb3 {[%emt 0:00:03]} c5 {[%emt 0:00:31]} 30. Bd5 {[%emt 0:02:19]} Rec8 {[%emt 0:00:16]} 31. Kg2 {[%emt 0:02:10]} g5 {[%emt 0:01:10]} 32. f4 {[%emt 0:01:46]} gxf4 {[%emt 0:00:22]} 33. exf4 {[%emt 0:00:29]} Ng6 {[%emt 0:01:12]} 34. Re1 {[%emt 0:01:47]} Qd6 {[%emt 0:00:10]} 35. Rcd1 {[%emt 0:00:37]} Re8 {[%emt 0:00:21]} 36. Bf3 {[%emt 0:00:52]} Qc7 {[%emt 0:01:13]} 37. Rxe8 {[%emt 0:03:34]} Rxe8 {[%emt 0:00:02]} 38. b4 {[%emt 0:00:58]} Nxf4+ {[%emt 0:18:05]} 39. gxf4 {[%emt 0:00:53]} Qxf4 {[%emt 0:00:01]} 40. Qxc5 {[%emt 0:02:56]} Kh8 {[%emt 0:00:02]} 41. Qd4 {[%emt 0:32:59]} Rg8+ {[%emt 0:30:17]} 42. Bg4 {[%emt 0:00:09]} Qxd4 {[%emt 0:00:06]} 43. Rxd4 {[%emt 0:00:04]} h5 {[%emt 0:03:10]} 44. Kf3 {[%emt 0:00:09]} hxg4+ {[%emt 0:00:04]} 45. hxg4 {[%emt 0:00:12]} Kg7 {[%emt 0:02:17]} 46. Ke4 {[%emt 0:01:11]} Kf7 {[%emt 0:00:23]} 47. Kd5 {[%emt 0:01:32]} Ke7 {[%emt 0:02:27]} 48. Kc6 {[%emt 0:00:50]} Rc8+ {[%emt 0:00:11]} 49. Kb7 {[%emt 0:00:29]} Rc1 {[%emt 0:00:06]} 50. b5 {[%emt 0:00:30]} Rb1 {[%emt 0:00:04]} 51. b6 {[%emt 0:00:11]} Ke6 {[%emt 0:00:07]} 52. Kc7 {[%emt 0:01:09]} Rc1+ {[%emt 0:00:02]} 53. Kb8 {[%emt 0:00:15]} Rb1 {[%emt 0:00:04]} 54. b7 {[%emt 0:00:09]} Ke7 {[%emt 0:00:05]} 55. Ra4 {[%emt 0:00:34]} Kd7 {[%emt 0:00:09]} 56. Ka8 {[%emt 0:00:35]} 1-0

[Event "Moscow Open RSSU Cup 2020"]
[Site "Moscow"]
[Date "2020.01.25"]
[Round "1.4"]
[White "Kirillov, Dmitry"]
[Black "Timofeev, Artyom"]
[Result "0-1"]
[WhiteElo "2232"]
[BlackElo "2588"]
[Annotator "ChessBase"]
[PlyCount "36"]
[EventDate "2020.01.25"]
[EventType "swiss"]
[EventCountry "RUS"]
[SourceTitle "playchess.com"]
[Source "ChessBase"]
[SourceQuality "1"]
[TimeControl "40/5400+30:1800+30"]

1. e4 {[%emt 0:00:00]} d5 {[%emt 0:00:15]} 2. exd5 {[%emt 0:00:00]} Qxd5 {[%emt 0:00:09]} 3. Nc3 {[%emt 0:00:00]} Qd8 {[%emt 0:00:08]} 4. d4 {[%emt 0:00:42]} g6 {[%emt 0:00:18]} 5. Nf3 {[%emt 0:02:13]} Bg7 {[%emt 0:00:12]} 6. Bc4 {[%emt 0:01:31]} Nf6 {[%emt 0:00:18]} 7. O-O {[%emt 0:01:17]} O-O {[%emt 0:00:12]} 8. Bf4 {[%emt 0:05:05]} Bg4 {[%emt 0:01:30]} 9. Re1 {[%emt 0:11:53]} c6 {[%emt 0:03:50]} 10. d5 {[%emt 0:04:27]} cxd5 {[%emt 0:05:08]} 11. Nxd5 {[%emt 0:00:14]} Nc6 {[%emt 0:00:28]} 12. Bc7 {[%emt 0:12:36]} Qd7 {[%emt 0:03:24]} 13. Nxf6+ {[%emt 0:07:56]} Bxf6 {[%emt 0:00:09]} 14. Qxd7 {[%emt 0:00:09]} Bxd7 {[%emt 0:00:06]} 15. Ne5 {[%emt 0:00:42]} Rfc8 {[%emt 0:05:42]} 16. Nxd7 {[%emt 0:06:11]} Bxb2 {[%emt 0:00:17]} 17. Be5 {[%emt 0:09:32]} Bxa1 {[%emt 0:01:09]} 18. Bxa1 {[%emt 0:05:50]} Rc7 {[%emt 0:00:18]} 0-1

[Event "Moscow Open RSSU Cup 2020"]
[Site "Moscow"]
[Date "2020.01.25"]
[Round "1.5"]
[White "Volkov, Sergey"]
[Black "Kulaev, Maxim"]
[Result "1/2-1/2"]
[WhiteElo "2575"]
[BlackElo "2232"]
[Annotator "TA"]
[PlyCount "126"]
[EventDate "2020.01.25"]
[EventType "swiss"]
[EventCountry "RUS"]
[SourceTitle "playchess.com"]
[Source "ChessBase"]
[SourceQuality "1"]

{[%evp 12,126,21,16,24,35,31,22,13,3,13,12,22,22,21,15,15,13,24,18,36,22,52,49,55,54,53,56,56,58,58,52,50,-10,-12,-10,-16,-103,-100,-99,-27,-46,-4,-4,0,-59,-4,-4,49,33,39,31,28,20,26,35,37,22,22,23,127,135,135,136,114,105,124,8,8,8,8,8,8,8,8,8,8,8,20,20,21,8,8,8,8,8,8,0,8,0,8,8,8,8,8,8,8,8,8,8,8,0,0,0,8,8,8,8,8,8,8,8,8,8,8,0,0]} 1. d4 e6 2. c4 d5 3. Nf3 c6 4. e3 Nf6 5. b3 Nbd7 6. Bb2 Bd6 7. Bd3 O-O {A06: Réti Opening: 1 Nf3 d5} 8. O-O b6 9. Nc3 Bb7 10. Qe2 Qe7 11. Rad1 e5 12. dxe5 Nxe5 13. cxd5 Nxd3 14. Qxd3 cxd5 15. Nb5 {[#]} Bc5 $146 ({Predecessor:} 15... Rfd8 16. Nxd6 Qxd6 17. Bxf6 Qxf6 18. Nd4 Rac8 19. Rc1 g6 20. a4 Qe7 21. Rxc8 Rxc8 {½-½ (55) Loncar,R (2374)-Muskardin,M (2291) Rijeka 2015}) 16. Nfd4 Qe5 17. Qf5 Qe4 18. Qxe4 dxe4 19. Nf5 Rfd8 20. Bxf6 gxf6 21. g4 Rd3 22. Rxd3 (22. Nbd6 $14 Bxd6 23. Nxd6) 22... exd3 $11 23. f3 Rc8 24. Kf2 (24. Rd1 $11) 24... Bb4 $17 25. Nbd4 Ba6 (25... d2 $17 {And now ...Rc1 would win.} 26. Ne2 Rc2) 26. Rd1 $11 d2 27. Ne2 $1 Rc2 28. a4 (28. a3 $1 $11 Bxa3 29. Nfd4) 28... Rb2 (28... Bd3 $15) 29. Nfd4 Bd3 (29... Bc5 $11) 30. Nf4 $36 {[%mdl 2048] White has good play.} Bb1 31. Nd5 Bc5 32. Ke2 Bxd4 33. exd4 $11 {[%mdl 4096] Endgame KRB-KRN} Ba2 34. Nxf6+ Kg7 $1 {[%cal Rg7f6]} 35. Nh5+ Kf8 (35... Kh6 $11) 36. Rxd2 $16 Rxd2+ 37. Kxd2 {Strongly threatening Kc2.} Bxb3 {[#] KB-KN} 38. a5 $1 bxa5 39. Nf6 (39. g5 $16) 39... Kg7 $11 {The position is equal.} 40. g5 a4 41. d5 a3 {...a2 is the strong threat.} 42. Kc3 a2 43. Kb2 {aiming for d6.} Kg6 44. d6 {Hoping for d7.} Be6 $1 45. h4 h6 $1 46. f4 hxg5 47. fxg5 Kf5 48. Ka1 Kf4 49. Kb2 Kf5 50. Nh7 {Black must now prevent h5.} Kg4 51. Nf8 Bf5 52. g6 fxg6 {[#]} 53. Nxg6 $1 {[%mdl 512]} Kh5 (53... Bxg6 54. d7) 54. Ne7 Be6 55. Nc6 Kxh4 56. Nxa7 Kg5 57. Nb5 Bd7 58. Nc3 a1=Q+ 59. Kxa1 Kf6 60. Kb2 Ke6 61. Ne4 Kd5 62. Nf6+ Kxd6 63. Nxd7 Kxd7 {Accuracy: White = 88%, Black = 86%.} 1/2-1/2

[Event "Moscow Open RSSU Cup 2020"]
[Site "Moscow"]
[Date "2020.01.25"]
[Round "1.6"]
[White "Dolsonov, Ayusha"]
[Black "Savchenko, Boris"]
[Result "0-1"]
[WhiteElo "2230"]
[BlackElo "2573"]
[Annotator "TA"]
[PlyCount "70"]
[EventDate "2020.01.25"]
[EventType "swiss"]
[EventCountry "RUS"]
[SourceTitle "playchess.com"]
[Source "ChessBase"]
[SourceQuality "1"]

{[%evp 28,70,-47,-59,-41,-66,-89,-150,-106,-115,-108,-217,-219,-200,-208,-191,-179,-206,-217,-239,-255,-252,-229,-431,-424,-400,-406,-509,-464,-507,-507,-594,-600,-903,-868,-1159,-1150,-1061,-1064,-1044,-1043,-29995,-29996,-29996,-29997]} 1. e4 c5 2. Nf3 d6 3. d4 cxd4 4. Nxd4 Nf6 5. Nc3 a6 6. Be3 Ng4 7. Bc1 Nf6 8. Be2 e5 9. Nb3 Be7 10. O-O O-O 11. f4 b5 12. a3 Nbd7 13. Be3 Bb7 14. Bf3 Rc8 15. Qe2 Nb6 {B92: Sicilian Najdorf: 6 Be2.} 16. Na5 Ba8 {[#]} 17. Rfd1 $146 (17. Kh1 $142) ({Predecessor:} 17. Qf2 Nbd7 18. Nb3 Rxc3 19. bxc3 Nxe4 20. Bxe4 Bxe4 21. Rad1 Qc7 22. fxe5 dxe5 23. Rd2 Bg6 24. Qe1 Rc8 25. Bf2 {0-1 (33) Bakker,J (2114)-Winer,S (2335) Stratton Mountain 2004}) 17... Qc7 {Black is clearly better.} 18. Rac1 Rfe8 19. f5 (19. Qd3 $17) 19... Na4 $19 20. Nxa4 bxa4 21. Qxa6 Bxe4 22. Bxe4 Nxe4 23. Rd5 {[#]} Nf6 $1 {[%cal Rf6d5]} 24. Rb5 {Threatens to win with Rb7.} Qd7 25. Rb6 $2 (25. c3 {might work better.}) 25... Nd5 26. Rb7 Qxf5 27. Nc6 Bf6 (27... Nxe3 $2 28. Nxe7+ Rxe7 29. Rxe7 $19) 28. Bd2 Nf4 29. Bxf4 exf4 ({Weaker is} 29... Qxf4 30. Rf1 $17) 30. Nb4 Bxb2 31. Rf1 Bd4+ 32. Kh1 {[#]} f3 $1 33. gxf3 {[#]} (33. Rxf3 Re1+) 33... Re1 $1 {[%cal Rf5f3][%mdl 512]} 34. Kg2 (34. Rxe1 Qxf3#) 34... Qg5+ 35. Kh3 Re6 {Accuracy: White = 31%, Black = 94%.} 0-1

[Event "Moscow Open RSSU Cup 2020"]
[Site "Moscow"]
[Date "2020.01.25"]
[Round "1.7"]
[White "Sychev, Klementy"]
[Black "Skorodelov, Semen"]
[Result "1-0"]
[WhiteElo "2563"]
[BlackElo "2228"]
[Annotator "ChessBase"]
[PlyCount "91"]
[EventDate "2020.01.25"]
[EventType "swiss"]
[EventCountry "RUS"]
[SourceTitle "playchess.com"]
[Source "ChessBase"]
[SourceQuality "1"]
[TimeControl "40/5400+30:1800+30"]

1. e4 {[%emt 0:00:00]} e5 {[%emt 0:00:00]} 2. Nf3 {[%emt 0:00:00]} Nc6 {[%emt 0:00:44]} 3. Bb5 {[%emt 0:00:20]} Nd4 {[%emt 0:00:14]} 4. Nxd4 {[%emt 0:01:11]} exd4 {[%emt 0:00:03]} 5. O-O {[%emt 0:06:37]} Bc5 {[%emt 0:00:35]} 6. Re1 {[%emt 0:03:02]} Ne7 {[%emt 0:01:39]} 7. Qh5 {[%emt 0:13:25]} Bb6 {[%emt 0:01:07]} 8. d3 {[%emt 0:00:28]} O-O {[%emt 0:02:33]} 9. Bc4 {[%emt 0:00:09]} d6 {[%emt 0:06:04]} 10. Bg5 {[%emt 0:06:24]} Be6 {[%emt 0:02:27]} 11. Nd2 {[%emt 0:02:48]} Qd7 {[%emt 0:02:44]} 12. Bxe6 {[%emt 0:25:59]} fxe6 {[%emt 0:03:11]} 13. a4 {[%emt 0:00:18]} c5 {[%emt 0:02:41]} 14. Nf3 {[%emt 0:03:39]} Ng6 {[%emt 0:04:19]} 15. Bd2 {[%emt 0:00:23]} Bd8 {[%emt 0:00:45]} 16. c3 {[%emt 0:02:25]} dxc3 {[%emt 0:00:39]} 17. bxc3 {[%emt 0:00:12]} Bf6 {[%emt 0:02:10]} 18. Qg4 {[%emt 0:03:27]} Rae8 {[%emt 0:07:05]} 19. d4 {[%emt 0:00:32]} cxd4 {[%emt 0:02:09]} 20. cxd4 {[%emt 0:01:34]} b6 {[%emt 0:01:07]} 21. h4 {[%emt 0:00:23]} Rf7 {[%emt 0:09:39]} 22. Rec1 {[%emt 0:03:39]} d5 {[%emt 0:02:51]} 23. h5 {[%emt 0:00:58]} Nf8 {[%emt 0:01:14]} 24. e5 {[%emt 0:02:15]} Be7 {[%emt 0:03:18]} 25. Ne1 {[%emt 0:00:30]} Rc8 {[%emt 0:01:09]} 26. Rxc8 {[%emt 0:02:56]} Qxc8 {[%emt 0:00:02]} 27. Rc1 {[%emt 0:00:10]} Qe8 {[%emt 0:03:04]} 28. Qd1 {[%emt 0:01:53]} Ba3 {[%emt 0:01:28]} 29. Rb1 {[%emt 0:00:51]} Rb7 {[%emt 0:01:00]} 30. Nd3 {[%emt 0:00:48]} Qc8 {[%emt 0:02:33]} 31. Rb3 {[%emt 0:04:15]} Be7 {[%emt 0:01:20]} 32. h6 {[%emt 0:00:06]} g6 {[%emt 0:06:43]} 33. Bb4 {[%emt 0:02:16]} Bxb4 {[%emt 0:01:12]} 34. Rxb4 {[%emt 0:00:44]} Qc3 {[%emt 0:01:30]} 35. a5 {[%emt 0:01:30]} Rf7 {[%emt 0:01:54]} 36. axb6 {[%emt 0:00:51]} axb6 {[%emt 0:00:09]} 37. g3 {[%emt 0:01:00]} Rf5 {[%emt 0:02:19]} 38. Kg2 {[%emt 0:01:59]} Nd7 {[%emt 0:04:19]} 39. Ra4 {[%emt 0:00:47]} Nf8 {[%emt 0:00:58]} 40. Nf4 {[%emt 0:00:45]} Rf7 {[%emt 0:02:22]} 41. Ra8 {[%emt 0:31:33]} Qb2 {[%emt 0:34:46]} 42. Qg4 {[%emt 0:02:12]} b5 {[%emt 0:01:49]} 43. Qxe6 {[%emt 0:01:29]} Qxd4 {[%emt 0:01:58]} 44. Qxd5 {[%emt 0:00:19]} Qb6 {[%emt 0:01:50]} 45. Rxf8+ {[%emt 0:00:25]} Kxf8 {[%emt 0:00:15]} 46. Qa8+ {[%emt 0:00:04]} 1-0

[Event "Moscow Open RSSU Cup 2020"]
[Site "Moscow"]
[Date "2020.01.25"]
[Round "1.8"]
[White "Shoboev, Dandar"]
[Black "Tsydypov, Zhamsaran"]
[Result "0-1"]
[WhiteElo "2228"]
[BlackElo "2553"]
[Annotator "ChessBase"]
[PlyCount "74"]
[EventDate "2020.01.25"]
[EventType "swiss"]
[EventCountry "RUS"]
[SourceTitle "playchess.com"]
[Source "ChessBase"]
[SourceQuality "1"]
[TimeControl "40/5400+30:1800+30"]

1. d4 {[%emt 0:00:00]} Nf6 {[%emt 0:00:00]} 2. c4 {[%emt 0:00:00]} e6 {[%emt 0:00:00]} 3. g3 {[%emt 0:00:00]} d5 {[%emt 0:00:10]} 4. Nf3 {[%emt 0:00:00]} c6 {[%emt 0:02:16]} 5. Bg2 {[%emt 0:00:08]} Nbd7 {[%emt 0:00:20]} 6. Qc2 {[%emt 0:01:29]} Be7 {[%emt 0:00:38]} 7. O-O {[%emt 0:00:08]} O-O {[%emt 0:00:12]} 8. Nbd2 {[%emt 0:01:05]} b6 {[%emt 0:00:10]} 9. Rd1 {[%emt 0:00:34]} Bb7 {[%emt 0:00:16]} 10. e4 {[%emt 0:00:45]} Rc8 {[%emt 0:02:05]} 11. b3 {[%emt 0:00:11]} c5 {[%emt 0:01:14]} 12. exd5 {[%emt 0:00:18]} exd5 {[%emt 0:00:08]} 13. Qf5 {[%emt 0:06:41]} g6 {[%emt 0:05:20]} 14. Qf4 {[%emt 0:00:28]} cxd4 {[%emt 0:05:14]} 15. Nxd4 {[%emt 0:09:49]} Nh5 {[%emt 0:09:13]} 16. Qg4 {[%emt 0:01:40]} Bc5 {[%emt 0:03:29]} 17. Bb2 {[%emt 0:02:56]} Re8 {[%emt 0:03:01]} 18. cxd5 {[%emt 0:14:50]} Nhf6 {[%emt 0:10:48]} 19. Qh3 {[%emt 0:13:02]} Ne5 {[%emt 0:08:32]} 20. Nc4 {[%emt 0:01:42]} Neg4 {[%emt 0:01:01]} 21. b4 {[%emt 0:12:32]} Bxb4 {[%emt 0:05:37]} 22. Nc6 {[%emt 0:00:38]} Bxc6 {[%emt 0:01:46]} 23. dxc6 {[%emt 0:00:05]} Qe7 {[%emt 0:00:04]} 24. Bf3 {[%emt 0:09:51]} h5 {[%emt 0:01:33]} 25. Qg2 {[%emt 0:12:01]} Bc5 {[%emt 0:01:29]} 26. Bd4 {[%emt 0:02:32]} Bxd4 {[%emt 0:03:51]} 27. Rxd4 {[%emt 0:00:03]} Qc5 {[%emt 0:00:11]} 28. Rf4 {[%emt 0:04:08]} g5 {[%emt 0:00:13]} 29. Rxf6 {[%emt 0:00:07]} Nxf6 {[%emt 0:00:29]} 30. Qf1 {[%emt 0:00:05]} Ne4 {[%emt 0:00:35]} 31. Bxh5 {[%emt 0:03:16]} Rxc6 {[%emt 0:01:40]} 32. Ne3 {[%emt 0:00:19]} Kf8 {[%emt 0:00:54]} 33. Re1 {[%emt 0:00:28]} Rf6 {[%emt 0:00:21]} 34. Ng4 {[%emt 0:00:11]} Rfe6 {[%emt 0:00:05]} 35. Rc1 {[%emt 0:01:22]} Qd4 {[%emt 0:00:21]} 36. Qb5 {[%emt 0:03:21]} Nc5 {[%emt 0:01:33]} 37. Qb1 {[%emt 0:01:05]} Qh8 {[%emt 0:02:01]} 0-1

[Event "Moscow Open RSSU Cup 2020"]
[Site "Moscow"]
[Date "2020.01.25"]
[Round "1.9"]
[White "Sindarov, Javokhir"]
[Black "Zhuravlev, Stepan"]
[Result "1-0"]
[WhiteElo "2537"]
[BlackElo "2227"]
[Annotator "ChessBase"]
[PlyCount "63"]
[EventDate "2020.01.25"]
[EventType "swiss"]
[EventCountry "RUS"]
[SourceTitle "playchess.com"]
[Source "ChessBase"]
[SourceQuality "1"]
[TimeControl "40/5400+30:1800+30"]

1. e4 {[%emt 0:00:00]} e5 {[%emt 0:00:00]} 2. Nf3 {[%emt 0:00:00]} Nc6 {[%emt 0:00:00]} 3. Bb5 {[%emt 0:00:40]} a6 {[%emt 0:00:20]} 4. Ba4 {[%emt 0:00:05]} Nf6 {[%emt 0:00:16]} 5. O-O {[%emt 0:00:06]} Be7 {[%emt 0:01:16]} 6. Re1 {[%emt 0:00:05]} b5 {[%emt 0:01:34]} 7. Bb3 {[%emt 0:00:04]} d6 {[%emt 0:00:53]} 8. c3 {[%emt 0:00:04]} O-O {[%emt 0:00:26]} 9. h3 {[%emt 0:00:04]} Bb7 {[%emt 0:00:19]} 10. d4 {[%emt 0:00:08]} Re8 {[%emt 0:02:16]} 11. Ng5 {[%emt 0:00:12]} Rf8 {[%emt 0:00:42]} 12. Nf3 {[%emt 0:00:23]} Re8 {[%emt 0:00:11]} 13. Nbd2 {[%emt 0:00:05]} Bf8 {[%emt 0:01:16]} 14. a4 {[%emt 0:00:04]} h6 {[%emt 0:02:19]} 15. Bc2 {[%emt 0:00:06]} exd4 {[%emt 0:02:31]} 16. cxd4 {[%emt 0:00:05]} Nb4 {[%emt 0:00:25]} 17. Bb1 {[%emt 0:00:04]} c5 {[%emt 0:00:29]} 18. d5 {[%emt 0:00:02]} Nd7 {[%emt 0:02:12]} 19. Ra3 {[%emt 0:00:04]} f5 {[%emt 0:05:12]} 20. g4 {[%emt 0:00:09]} f4 {[%emt 0:03:22]} 21. Nb3 {[%emt 0:01:58]} Ne5 {[%emt 1:14:31]} 22. Bd2 {[%emt 1:36:32]} Ned3 {[%emt 0:00:30]} 23. Bxd3 {[%emt 0:00:30]} Nxd3 {[%emt 0:00:30]} 24. Ba5 {[%emt 0:00:30]} Qd7 {[%emt 0:00:30]} 25. Qxd3 {[%emt 0:00:30]} c4 {[%emt 0:00:30]} 26. Qd2 {[%emt 0:00:30]} cxb3 {[%emt 0:00:30]} 27. axb5 {[%emt 0:00:30]} axb5 {[%emt 0:00:30]} 28. Nd4 {[%emt 0:00:30]} h5 {[%emt 0:00:30]} 29. f3 {[%emt 0:00:30]} Qe7 {[%emt 0:00:30]} 30. Rxb3 {[%emt 0:00:30]} Qh4 {[%emt 0:00:30]} 31. Nf5 {[%emt 0:00:30]} Qxh3 {[%emt 0:00:30]} 32. Re2 {[%emt 0:00:30]} 1-0